World Capitals Closest to Nicosia - Statistics

General Stats
  • This quiz has been taken 112 times
  • The average score is 16 of 20
Answer Stats
km capital miles % Correct
530 Ankara 330
98%
914 Athens 568
95%
417 Jerusalem 259
95%
605 Cairo 376
93%
244 Beirut 151
92%
326 Damascus 202
88%
1205 Sofia 749
88%
1366 Tirana 849
85%
1283 Skopje 797
83%
430 Amman 267
80%
1562 Baku 970
79%
1033 Baghdad 642
78%
1533 Belgrade 953
78%
1127 Yerevan 700
77%
1201 Bucharest 746
76%
1235 Tbilisi 767
76%
1343 Pristina 835
75%
1462 Podgorica 948
74%
1518 Kuwait City 943
64%
1370 Chișinău 851
60%
No matching quizzes found
Score Distribution
Percent of People with Each Score
Percentile by Number Answered
Your Score History
You have not taken this quiz